Tang lễ cổ truyền người Mường

Giới thiệu các nghi lễ, lễ thức và trình tự các công việc diễn ra trong phong tục tang lễ một đám ma cổ truyền của người Mường, ngoài ra còn phần lời cúng bằng tiếng Việt

Wedi'i Gadw mewn:
Manylion Llyfryddiaeth
Prif Awdur: Bùi Huy Vọng
Fformat: Llyfr
Iaith:Vietnamese
Cyhoeddwyd: H. Đại học Quốc gia Hà Nội 2010
Pynciau:
Tagiau: Ychwanegu Tag
Dim Tagiau, Byddwch y cyntaf i dagio'r cofnod hwn!
Thư viện lưu trữ: Mạng thư viện Đại học Đà Nẵng
LEADER 01487aam a22003618a 4500
001 000007066
003 3227
005 20120515140525.0
008 110926s2010 viesd
020 |d 2000b 
041 0 |a vie 
082 1 4 |2 14  |a 398.209597  |b BU-V 
100 1 |a Bùi Huy Vọng 
245 1 0 |a Tang lễ cổ truyền người Mường  |c Bùi Huy Vọng 
260 |a H.  |b Đại học Quốc gia Hà Nội  |c 2010 
300 |a 530tr.  |b hình vẽ, ảnh  |c 21cm 
500 |a ĐTTS ghi: Hội Văn nghệ Dân gian Việt Nam 
520 |a Giới thiệu các nghi lễ, lễ thức và trình tự các công việc diễn ra trong phong tục tang lễ một đám ma cổ truyền của người Mường, ngoài ra còn phần lời cúng bằng tiếng Việt 
546 |a Chính văn bằng 2 thứ tiếng: Việt - Mường 
650 7 |2 Bộ TK TVQG  |a Văn hoá dân gian 
650 7 |2 Bộ TK TVQG  |a Tang lễ 
650 7 |2 Bộ TK TVQG  |a Dân tộc Mường 
651 7 |2 Bộ TK TVQG  |a Việt Nam 
OWN |a LSP 
AVA |a UDN50  |b LSP  |d 398.209597 BU-V  |e available  |t Error 5001 Not defined in file expand_doc_bib_avail.  |f 2  |g 0  |h N  |i 0  |k 1 
999 |a From the UDN01 
AVA |a UDN50  |b LSP  |d 398.209597 BU-V  |e available  |t Error 5001 Not defined in file expand_doc_bib_avail.  |f 2  |g 0  |h N  |i 0  |k 1 
TYP |a Monograph 
TYP |a Printed language 
980 |a Mạng thư viện Đại học Đà Nẵng